000 00769nam a22002177a 4500
003 UA-OsUOA
001 64270
007 ta
008 20091103b un ||||| |||| 00| 0 ukr d
090 _a94(477.5)
942 _cBK
040 _aUA-OsUOA
_bukr
_cUA-OsUOA
_dUA-OsUOA
245 _aАдміністративно-територіальний устрій Лівобережної України 50-х років XVIII ст.: каталог населених пунктів (за архівними матеріалами податкових реєстрів)
300 _a218 с.
955 _a4
041 _aukr
080 _a94(477.5)
260 _aК.
_c1990
650 7 _a9 Географія. Біографії. Історія
_2UDC
999 _c350384
_d350384